000 00684nas a2200241 4500
001 BR0603469
003 BR-BrBNA
005 20231205110226.0
007 ta
008 230509b bl.|||p| |||| 00| 00por d
040 _aBR-BrBNA
_bpor
_cBiblioteca Nacional de Agricultura
041 _a(Pt)
072 _aF71
100 1 _aMori, R.
245 1 _aA volatilidade internacional e o Brasil
650 _aMERCADO INTERNACIONAL
650 _aESTABILIZAÇÃO ECONÔMICA
650 _aTAXA
650 _aRECEITA CAMBIAL
773 0 _tAgroanalysis (Brazil)
_xISSN 0100-4298
_g(Jun 2006), v. 26(6) p. 9
_wBR0603469
909 _a202311
_bLúcia
_c55
_dLúcia Elande
942 _2AGRIS
_n0
_cANA
999 _c186575
_d186575